La economía en los procesos inflacionarios (Registro nro. 5452)

Detalles MARC
000 -LEADER
fixed length control field 01650 a2200205 4500
001 - CONTROL NUMBER
control field 54283
005 - DATE AND TIME OF LATEST TRANSACTION
control field 20260407155814.0
008 - FIXED-LENGTH DATA ELEMENTS--GENERAL INFORMATION
fixed length control field 260407a1974 arg spa d
003 - CONTROL NUMBER IDENTIFIER
control field AR-UNSa-BCEJYS
040 ## - CATALOGING SOURCE
Original cataloging agency AR-UNSa-BCEJYS
Language of cataloging spa
Transcribing agency AR-UNSa-BCEJYS
080 ## - UNIVERSAL DECIMAL CLASSIFICATION NUMBER
Universal Decimal Classification number 336.748
Common auxiliary subdivision Precios del cambio de monedas. Movimientos de los precios de cambio. Fluctuaciones en los precios de cambio (Inflación, Deflación)<br/>
020 ## - INTERNATIONAL STANDARD BOOK NUMBER
International Standard Book Number 84 335 3332 0
100 1# - MAIN ENTRY--PERSONAL NAME
Personal name Zawadzki, K.K.F.
245 10 - TITLE STATEMENT
Title La economía en los procesos inflacionarios
264 #1 - PRODUCTION, PUBLICATION, DISTRIBUTION, MANUFACTURE, AND COPYRIGHT NOTICE
Place of production, publication, distribution, manufacture Buenos Aires :
Name of producer, publisher, distributor, manufacturer Editorial Labor
Date of production, publication, distribution, manufacture, or copyright notice 1974
300 ## - PHYSICAL DESCRIPTION
Extent 267 p.
Dimensions 22 cm.
505 ## - FORMATTED CONTENTS NOTE
Formatted contents note 1.La naturaleza de la inflación(1) - 2. La naturaleza de la inflación(2) - 3. Procesos inflacionistas:Inflación de pugna por la renta - 4. Procesos inflacionistas: Inflación de exceso de demanda - 5. Procesos inflacionistas: Escasez de mano de obra e inflación general - 6. Estabilización - 7. La velocidad de inflación - 8. La inflación y los precios relativos - 9. Implicación de los cambios de la estructura de precios - 10. La inflación y la relación real de intercambio - 11. La inflación y la relación de intercambio(continuación) - 12. Efectos interiores de las variaciones de la relación real de intercambio - 13. La inflación y la situación exterior de un paía banquero - 14. Aranceles de importación,subvenciones a la exportación y controles de intercambio - 15. Expansión e inflación - 16. Naturaleza e importancia de los efectos de la inflación - 17. Efectos directos de la inflación - 18. Ahorro,inversión y tasa de crecimiento
590 ## - LOCAL NOTE (RLIN)
Local note niveau_biblio:m niveau_hierar:0
942 ## - ADDED ENTRY ELEMENTS (KOHA)
Koha item type
Existencias
Withdrawn status Lost status Damaged status Not for loan Home library Current library Shelving location Date acquired Total checkouts Full call number Barcode Date last seen Price effective from Koha item type
        Biblioteca Prof. Eusebio Cleto del Rey Biblioteca Prof. Eusebio Cleto del Rey   07/04/2026   336.748 Z11 L13465 07/04/2026 07/04/2026 Libro